Bilecik Bilecik Bilecik Bilecik Bilecik

Genel matematik-1/ (Record no. 36649)

MARC details
000 -BAŞLIK
Sabit Uzunluktaki Kontrol Alanı 00967nam a22003377a 4500
001 - KONTROL NUMARASI
Control Dosyası 0036763
003 - KONTROL NUMARASI KİMLİĞİ
Kontrol Alanı KOHA_MİRAKIL
005 - EN SON İŞLEM TARİHİ ve ZAMANI
Kontrol Alanı 20260207003016.0
007 - FİZİKSEL TANIM SABİT ALAN - GENEL BİLGİ
Sabit uzunluklu kontrol alanı ta
008 - SABİT UZUNLUKTAKİ VERİ ÖGELERİ - GENEL BİLGİ
Sabit Alan 120430b2009 tu |||gr||||#||||0|tur |
020 ## - ISBN - ULUSLARARASI STANDART KİTAP NUMARASI
Isbn 9789755918327
040 ## - KATALOGLAMA KAYNAĞI
Özgün Kataloglama Kurumu TR-BiSEU
Kataloglama Dili tur
Çeviri Kurumu TR-BiSEU
Açıklama Kuralları rda
041 0# - DİL KODU
Metin ya da ses kaydının dil kodu tur
044 ## - YAYINLAYAN/ÜRETEN KURULUŞUN ÜLKE KODU
ISO country code tu
050 ## - SINIFLAMA ve YER NUMARASI
Sınıflama Numarası QA37.2
Yer Numarası .C48 2009
100 1# - KİŞİ ADI
Yazar Adı (Kişi adı) Çevik, Sinan .
245 1# - ESER ADI BİLDİRİMİ
Başlık Genel matematik-1/
Sorumluluk Bildirimi Sinan Çevik ; Sinan Çevik, Engin Bozacı.
264 #1 - ÜRERİM, YAYIN, DAĞITIM ve TELİF BİLDİRİMİ
Yayın yeri Ankara :
Yayınlayan Nobel Yayın Dağıtım
Yayın tarihi 2009
300 ## - FİZİKSEL TANIMLAMA
Sayfa, Cilt vb. 283 s.
336 ## - İÇERİK TÜRÜ
Content type term metin
Content type code txt
Source rdacontent
337 ## - MEDYA TÜRÜ
Media type term aracısız
Media type code n
Source rdamedia
338 ## - TAŞIYICI TÜRÜ
Carrier type term cilt
Carrier type code nc
Source rdacarrier
490 1# - DİZİ BİLDİRİMİ
Dizi Bildirimi Nobel Yayın No ;
Cilt Numarası 847.
490 1# - DİZİ BİLDİRİMİ
Dizi Bildirimi Matematik -İstatistk ;
Cilt Numarası 35.
500 ## - GENEL NOT
Genel Not Kaynakça var.
650 #0 - KONU BAŞLIĞI EK GİRİŞ - KONU TERİMİ
Konusal terim veya coğrafi ad Mathematics.
9 (RLIN) 2070
650 #0 - KONU BAŞLIĞI EK GİRİŞ - KONU TERİMİ
Konusal terim veya coğrafi ad Matematik.
9 (RLIN) 1486
830 1# - SERİ EK GİRİŞİ - TEKBİÇİM ESER ADI
Tekbiçim Başlık Nobel Yayın No ;
Volume number/sequential designation 847.
9 (RLIN) 1595
830 1# - SERİ EK GİRİŞİ - TEKBİÇİM ESER ADI
Tekbiçim Başlık Matematik -İstatistk ;
Volume number/sequential designation 35.
9 (RLIN) 69443
942 ## - EK GİRİŞ ÖGELERİ (KOHA)
Source of classification or shelving scheme Library of Congress Classification
Koha item type Book
Holdings
Materyal Türü Kalıcı Konum Mevcut Konum Raf Yeri Sınıflandırma Kaynağı Edinim Bilgisi Ana Konular Alt Konular Yer Numarası Demirbaş Numarası Fatura Tarihi Maliyet, Alış Fiyatı Maliyet, Yenileme Fiyatı Geri Çekilme Durumu Kayıp Durumu Hasarlı Durumu Kredi için değil Kayıt Tarih Toplam Ödünçverme Son Görülme Tarihi Son Kontrol Tarihi
Book Prof. Dr. Azmi Özcan Kütüphanesi Prof. Dr. Azmi Özcan Kütüphanesi Birûni Salonu Library of Congress Classification Satın BİLİM Matematik QA37.2 .C48 2009 0036763 23/07/2012 13.80 13.80         30/04/2012 6 07/05/2025 07/05/2025